| 000 | 00633nam a2200217Ia 4500 | ||
|---|---|---|---|
| 001 | 1224 | ||
| 003 | GE_BSU | ||
| 008 | 181216s||||||||xx |||||||||||||| ||und|| | ||
| 020 | _a9994014552 | ||
| 040 | _cGE_BSU | ||
| 080 | _a621.311(075.8) | ||
| 100 | _aლაოშვილი, დ. | ||
| 245 | _aელექტროენერგეტიკა. | ||
| 260 | _aთბილისი. | ||
| 260 | _bტექნიკური უნივერსიტეტი. | ||
| 260 | _c2003. | ||
| 300 | _a382გვ.28 სმ. | ||
| 541 | _h25 ლ. | ||
| 653 | _aელექტროენერგეტიკა. | ||
| 942 | _cBK | ||
| 999 |
_c35371 _d35371 |
||